A recitation of the Tamang shaman in Nepal /
Saved in:
| Main Author: | |
|---|---|
| Format: | Book |
| Language: | English |
| Published: |
Bonn :
VGH Wissenschaftsverlag,
1994.
|
| Series: | Nepalica ;
7. |
| Subjects: | |
| Tags: |
Add Tag
No Tags, Be the first to tag this record!
|
| LEADER | 01039nam a2200301Ia 4500 | ||
|---|---|---|---|
| 001 | 006830700-4 | ||
| 005 | 20020606163548.3 | ||
| 008 | 950613s1994 gw ab b 001 0 eng d | ||
| 020 | |a 3882800445 | ||
| 035 | 0 | |a ocm32636578 | |
| 040 | |a GZM |c GZM |d HLS | ||
| 041 | 0 | |a engnep | |
| 043 | |a a-np--- | ||
| 090 | |a DS493.9.T35 |b H64 1994 | ||
| 100 | 1 | |a Höfer, András. | |
| 245 | 1 | 2 | |a A recitation of the Tamang shaman in Nepal / |c András Höfer. |
| 260 | |a Bonn : |b VGH Wissenschaftsverlag, |c 1994. | ||
| 300 | |a 379 p. : |b ill., map ; |c 28 cm. | ||
| 490 | 1 | |a Nepalica ; |v 7 | |
| 500 | |a "This book is dedicated to the memory of Śer Bahādur Mambā (Syér Ba:dur Mạmba) of Bhokteni village, who died in a tragic accident in 1986"--P. 11. | ||
| 500 | |a English and Nepali. | ||
| 504 | |a Includes bibliographical references (p. 343-351) and indexes. | ||
| 650 | 0 | |a Tamang (Nepalese people) |x Medicine. | |
| 650 | 0 | |a Incantations, Shamanist |z Nepal. | |
| 650 | 0 | |a Ethnology |z Nepal. | |
| 830 | 0 | |a Nepalica ; |v 7. | |
| 988 | |a 20020608 | ||
| 906 | |0 OCLC | ||


